书目信息 |
| 题名: |
变压器故障诊断与维修
|
|
| 作者: | 赵家礼 编著 | |
| 分册: | ||
| 出版信息: | 北京 机械工业出版社 2000.10 |
|
| 页数: | 587页 | |
| 开本: | 16开 | |
| 丛书名: | ||
| 单 册: | ||
| 中图分类: | TM407 | |
| 科图分类: | ||
| 主题词: | 变压器 , 变流器 , 电抗器 | |
| 电子资源: | ||
| ISBN: | 7-111-06533-6 | |
| 000 | 00620nam0 2200217 45 | |
| 001 | 0206121589 | |
| 005 | 20020612155007.0 | |
| 010 | @a7-111-06533-6@d58.00元 | |
| 100 | @a20020612d2000 km y0chiy0120 ea | |
| 101 | 0 | @achi |
| 105 | @a z 000yy | |
| 200 | 1 | @a变压器故障诊断与维修@ABian Ya Qi Gu Zhang Zhen Duan Yu Wei Xiu@f赵家礼等编著@FZhao Jia Li Deng Bian Zhu |
| 210 | @a北京@c机械工业出版社@d2000.10 | |
| 215 | @a587页@d16开 | |
| 606 | 0 | @a变压器 |
| 606 | 0 | @a变流器 |
| 606 | 0 | @a电抗器 |
| 690 | @aTM407@v3 | |
| 701 | 0 | @a赵家礼@4编著 |
| 801 | @aCN@bPftUser@c20020612 | |
| 905 | @aBZT@b340342-344@dTM407@e1@f3 | |
| 变压器故障诊断与维修/赵家礼等编著.-北京:机械工业出版社,2000.10 |
| 587页;16开 |
| ISBN 7-111-06533-6:58.00元 |
| ● |
| 相关链接 |
|
|
|
正题名:变压器故障诊断与维修
索取号:TM407/1
 
预约/预借
| 序号 | 登录号 | 条形码 | 馆藏地/架位号 | 状态 | 备注 |
| 1 | 340342 | 201165942 | 中心书库中库/ 中库029架A面2列2层14/ [索取号:TM407/1] | 在馆 | |
| 2 | 340343 | 201165951 | 中心书库中库/ 中库029架A面2列2层12/ [索取号:TM407/1] | 在馆 | |
| 3 | 340344 | 201165960 | 中心书库中库/ 中库029架A面2列2层13/ [索取号:TM407/1] | 在馆 |